| 000 -LEADER |
| fixed length control field |
00635nam a2200229Ia 4500 |
| 001 - CONTROL NUMBER |
| control field |
14923 |
| 003 - CONTROL NUMBER IDENTIFIER |
| control field |
GE_BSU |
| 008 - FIXED-LENGTH DATA ELEMENTS--GENERAL INFORMATION |
| fixed length control field |
181216s||||||||xx |||||||||||||| ||und|| |
| 040 ## - CATALOGING SOURCE |
| Transcribing agency |
GE_BSU |
| 080 ## - UNIVERSAL DECIMAL CLASSIFICATION NUMBER |
| Universal Decimal Classification number |
539.1 |
| 100 ## - MAIN ENTRY--PERSONAL NAME |
| Personal name |
Борн,М. |
| 245 ## - TITLE STATEMENT |
| Title |
Атомная физика |
| 245 ## - TITLE STATEMENT |
| Statement of responsibility, etc. |
Пер. с англ.О.И. Завьялова и В.П.Павлова. Под ред. Б.В.Медведева |
| 250 ## - EDITION STATEMENT |
| Edition statement |
3-е изд. |
| 260 ## - PUBLICATION, DISTRIBUTION, ETC. |
| Place of publication, distribution, etc. |
Москва |
| 260 ## - PUBLICATION, DISTRIBUTION, ETC. |
| Name of publisher, distributor, etc. |
Мир |
| 260 ## - PUBLICATION, DISTRIBUTION, ETC. |
| Date of publication, distribution, etc. |
1970 |
| 300 ## - PHYSICAL DESCRIPTION |
| Extent |
484стр.22см. |
| 300 ## - PHYSICAL DESCRIPTION |
| Accompanying material |
Указатель стр.477 |
| 653 ## - INDEX TERM--UNCONTROLLED |
| Uncontrolled term |
Атомная физика |
| 942 ## - ADDED ENTRY ELEMENTS (KOHA) |
| Koha item type |
წიგნი |